000 aam a22 7a 4500
999 _c7228
_d7228
003 OSt
005 20190605181120.0
008 190605t2019 sp |||| |||||0|| 0 spa|d
017 _aDL M 10356-2019
_bOficina DL Madrid
020 _a9788436841053
040 _aES-CaUJI
_bcat
_cCDMR
100 1 _aMagallón Rosa, Raúl,
245 1 0 _aUnfaking news
_b: cómo combatir la desinformación /
_cRaúl Magallón Rosa
260 _aMadrid :
_bPirámide,
_c[2019]
300 _a204 p. :
_bil ;
_c23 cm
504 _aBibliografia: p. 189-204
650 7 _aFake news
_2lemac
650 0 7 _aMitjans de comunicació de massa
_2lemac
_93243
_xManipulació
650 4 _aRumor
_93901
_xAspectes socials
650 7 _aDesinformació
_2lemac
_94286
942 _cMON